<?xml version="1.0" encoding="UTF-8"?>
<record
    xmlns:xsi="http://www.w3.org/2001/XMLSchema-instance"
    xsi:schemaLocation="http://www.loc.gov/MARC21/slim http://www.loc.gov/standards/marcxml/schema/MARC21slim.xsd"
    xmlns="http://www.loc.gov/MARC21/slim">

  <leader>03789nam a22004217a 4500</leader>
  <controlfield tag="001">BRCA_8546</controlfield>
  <controlfield tag="002">LM-15</controlfield>
  <controlfield tag="003">FranzMayer</controlfield>
  <controlfield tag="005">20260505102153.0</controlfield>
  <controlfield tag="006">a||||gr|||| 00| 0 </controlfield>
  <controlfield tag="007">ta</controlfield>
  <controlfield tag="008">251007s1729    sp a|||gr|||| 00| 0 spa d</controlfield>
  <datafield tag="040" ind1=" " ind2=" ">
    <subfield code="a">BMFM</subfield>
    <subfield code="b">spa</subfield>
  </datafield>
  <datafield tag="041" ind1="0" ind2=" ">
    <subfield code="a">spa</subfield>
  </datafield>
  <datafield tag="050" ind1=" " ind2="4">
    <subfield code="a">TS200</subfield>
    <subfield code="b">.B37 1729</subfield>
  </datafield>
  <datafield tag="100" ind1="1" ind2=" ">
    <subfield code="a">Barba, Alvaro Alonso</subfield>
    <subfield code="d">(1569-1662)</subfield>
    <subfield code="9">30072</subfield>
  </datafield>
  <datafield tag="245" ind1="1" ind2="0">
    <subfield code="a">Arte de  los metales, en que se ense&#xF1;a el verdadero beneficio de los de oro, y plata por azogue: el modo de fundirlos todos, y como se han de refinar, y apartar unos de otros/</subfield>
    <subfield code="c">Alvaro Alonso Barba</subfield>
  </datafield>
  <datafield tag="246" ind1="1" ind2="0">
    <subfield code="a">Arte de los metales</subfield>
  </datafield>
  <datafield tag="260" ind1=" " ind2=" ">
    <subfield code="a">Madrid, Espa&#xF1;a:</subfield>
    <subfield code="b">En la oficina de la Viuda de Manuel Fernandez, a costa de Manuel de Godos, </subfield>
    <subfield code="c">1729</subfield>
  </datafield>
  <datafield tag="300" ind1=" " ind2=" ">
    <subfield code="a">228 p&#xE1;ginas :</subfield>
    <subfield code="b">Ilustraciones ;</subfield>
    <subfield code="c">21 x 15 x 2.5 cm</subfield>
  </datafield>
  <datafield tag="520" ind1="3" ind2=" ">
    <subfield code="a">Dividida en cinco apartados, en esta obra Alonso Barba reuni&#xF3; sus conocimientos sobre la transformaci&#xF3;n de los minerales y metales preciosos en la Nueva Espa&#xF1;a, desde su extracci&#xF3;n, hasta su fundici&#xF3;n y refinaci&#xF3;n. </subfield>
    <subfield code="b">Su originalidad reside en que expuso y sistematiz&#xF3; la pr&#xE1;ctica y el conocimiento metal&#xFA;rgico regionales. Incluso nuevas t&#xE9;cnicas y m&#xE9;todos que fueron retomados por otros mineros e intelectuales de la &#xE9;poca.  Al final, el autor incluy&#xF3; un tratado escrito en 1624 por el espa&#xF1;ol Alonso Carrillo, y el cual ha sido considerado un referente acerca de los or&#xED;genes y usos antiguos de las minas espa&#xF1;olas. </subfield>
  </datafield>
  <datafield tag="563" ind1=" " ind2=" ">
    <subfield code="a">Otras referencias f&#xED;sicas: Encuadernaci&#xF3;n semiflexible en pergamino. El papel del cuerpo del libro est&#xE1; formado por pulpa de trapo, hecho a mano, con marcas de verjurado y marcas de agua con un dise&#xF1;o no identificado. El cuerpo del libro est&#xE1; formado por cuadernillos unidos mediante costura alternada sobre dos soportes de costura sencillos y elevados, de material no identificado. Aparentemente, las prolongaciones de los soportes se cortaron a ras. Las hojas de guarda son reposiciones (aparentemente se conserva la guarda anterior que funciona como hoja de respeto o cortes&#xED;a). Lomera ligeramente redonda; no se aprecian endoses. Cabezadas tejidas con hilo caf&#xE9; doble, con almas de piel alumada y prolongaciones enlazadas a la cartera. Cantos del cuerpo refinados y coloreados amarillo-caf&#xE9;. Soportes de las tapas de cartoncillo. R&#xF3;tulo manuscrito en el lomo. Texto impreso</subfield>
  </datafield>
  <datafield tag="591" ind1=" " ind2=" ">
    <subfield code="a">Estado de Conservaci&#xF3;n: Muy bueno</subfield>
  </datafield>
  <datafield tag="591" ind1=" " ind2=" ">
    <subfield code="b">Descripci&#xF3;n de conservaci&#xF3;n: Libro con intervenciones: contraguardas repuestas y guarda anterior reforzada. Presenta suciedad, manchas m&#xED;nimas y foxing</subfield>
  </datafield>
  <datafield tag="592" ind1=" " ind2=" ">
    <subfield code="a">Marcas Adicionales: Resto del t&#xED;tulo e informaci&#xF3;n en portada: &lt;&lt;Compuesto por Alvaro Alonso Barba, natural de la Villa de Lepe, en la Andaluc&#xED;a, Cura en la imperial de Potos&#xED; de la Parroquia de San Bernardo; Nuevamente ahora a&#xF1;adido con el Tratado de las antiguas minas de Espa&#xF1;a que escribi&#xF3; Don Alonso Carrillo y Laso, Caballero del Avito de Santiago y Caballerizo de Cordova&gt;&gt;. Incluye: &lt;&lt;Tabla de los cap&#xED;tulos que se contienen en los cinco Libros&gt;&gt;. Ilustraciones en las p&#xE1;ginas: 103, 111, 114, 129, 134, 138, 141, 143, 147, 170, 188</subfield>
  </datafield>
  <datafield tag="593" ind1=" " ind2=" ">
    <subfield code="a">Tratados, compendios y manuales</subfield>
  </datafield>
  <datafield tag="648" ind1=" " ind2="0">
    <subfield code="a">Viceroyalty period</subfield>
    <subfield code="y">Viceroyalty (1535-1821)</subfield>
    <subfield code="9">30071</subfield>
  </datafield>
  <datafield tag="650" ind1="1" ind2="0">
    <subfield code="a">Metals and minerals</subfield>
    <subfield code="9">30073</subfield>
  </datafield>
  <datafield tag="650" ind1="1" ind2="0">
    <subfield code="a">Silver</subfield>
    <subfield code="y">Early works to 1800</subfield>
    <subfield code="9">30074</subfield>
  </datafield>
  <datafield tag="650" ind1="1" ind2="0">
    <subfield code="a">Gold</subfield>
    <subfield code="y">Early works to 1800</subfield>
    <subfield code="9">30075</subfield>
  </datafield>
  <datafield tag="650" ind1="1" ind2="0">
    <subfield code="a">Mines and mineral resources</subfield>
    <subfield code="9">7027</subfield>
  </datafield>
  <datafield tag="650" ind1="1" ind2="0">
    <subfield code="a">Metallurgy</subfield>
    <subfield code="y">Early works to 1800</subfield>
    <subfield code="9">30076</subfield>
  </datafield>
  <datafield tag="700" ind1="1" ind2=" ">
    <subfield code="a">Godos, Manuel de</subfield>
    <subfield code="e">editor</subfield>
    <subfield code="9">30077</subfield>
  </datafield>
  <datafield tag="856" ind1="4" ind2="1">
    <subfield code="q">TIF//PDF</subfield>
    <subfield code="u">https://bibliotecadigital.franzmayer.org.mx/items/5a7f1e58-5dc4-42b3-bb5b-53bf07009f1e</subfield>
    <subfield code="y">Biblioteca Digital Franz Mayer</subfield>
  </datafield>
  <datafield tag="902" ind1=" " ind2=" ">
    <subfield code="a">KH</subfield>
    <subfield code="a">TV</subfield>
    <subfield code="a">FM</subfield>
  </datafield>
  <datafield tag="942" ind1=" " ind2=" ">
    <subfield code="2">lcc</subfield>
    <subfield code="c">B</subfield>
  </datafield>
  <datafield tag="960" ind1=" " ind2=" ">
    <subfield code="a">CS-L3-N2</subfield>
  </datafield>
  <datafield tag="999" ind1=" " ind2=" ">
    <subfield code="c">11095</subfield>
    <subfield code="d">11095</subfield>
  </datafield>
  <datafield tag="952" ind1=" " ind2=" ">
    <subfield code="a">BRCA</subfield>
    <subfield code="b">BRCA</subfield>
    <subfield code="f">CS-L3-N2</subfield>
    <subfield code="i">LM-15</subfield>
    <subfield code="l">0</subfield>
    <subfield code="o">TS200 .B37 1729 (LM-15)</subfield>
    <subfield code="p">LAR00049</subfield>
    <subfield code="r">2025-10-07 11:51:00</subfield>
    <subfield code="y">B</subfield>
    <subfield code="0">0</subfield>
    <subfield code="1">0</subfield>
    <subfield code="2">lcc</subfield>
    <subfield code="5">2</subfield>
    <subfield code="7">0</subfield>
    <subfield code="8">LAR</subfield>
  </datafield>
</record>
